| 000 | 00536nam a2200181Ia 4500 | ||
|---|---|---|---|
| 005 | 20250508150833.0 | ||
| 008 | 008 250505s9999 xx 000 0 eng d | ||
| 037 | _aTextual | ||
| 040 |
_aFEDL _beng _cFEDL |
||
| 041 |
_aeng _2eng |
||
| 084 |
_a372.3, WEL _qFEDL |
||
| 100 |
_aWells Harrington _9140271 |
||
| 245 | 0 | _aElementary science education in American public schools | |
| 260 |
_aNew York, USA _bMcGraw-Hill Book Company _c1951 |
||
| 300 | _aix,333p. | ||
| 942 |
_cTEXL _h372.3, WEL |
||
| 999 |
_c1325977 _d1325977 |
||